00319 2200133 4500001002100000005001500021035002000036245005400056100002100110300001200131260002000143082001000163990001200173INLIS00000000000228320250527031307 a0010-05250005751 aBiologi SMU 1B Kela s2 Cawu 3 /cIstamar Syamsuri0 aIstamar Syamsuri a165 hlm bErlangga,c2000 a025.5 a0712731